[Event "Berlin-ch Seniors op 27th"]
[Site "Berlin"]
[Date "2011.01.29"]
[Round "1"]
[White "Dietrich, Bernd"]
[Black "Rollwitz, Inge"]
[Result "1-0"]
[WhiteElo "1682"]
[BlackElo "1167"]
[PlyCount "97"]
[EventDate "2011.01.29"]
[EventType "swiss"]
[EventRounds "9"]
[EventCountry "GER"]
[SourceTitle "EXT 2012"]
[Source "ChessBase"]
[SourceDate "2011.11.24"]
[SourceVersion "1"]
[SourceVersionDate "2011.11.24"]
[SourceQuality "1"]

1. e4 d6 2. d4 Nf6 3. Nc3 Nc6 4. Nf3 Bg4 5. Be3 e5 6. Bc4 a6 7. h3 Bxf3 8. gxf3 b5 9. Nxb5 Na5 10. Na3 Nxc4 11. Nxc4 Be7 12. dxe5 dxe5 13. Qxd8+ Rxd8 14. Nxe5 0-0 15. Nc6 Rd7 16. Nxe7+ Rxe7 17. 0-0-0 Nd7 18. Rhg1 f6 19. Rg3 Rfe8 20. f4 Rf7 21. f3 c6 22. f5 Ne5 23. h4 h5 24. Bf4 Rd7 25. Bxe5 Rxd1+ 26. Kxd1 Rxe5 27. Kd2 c5 28. Kd3 Re7 29. Rg2 Rc7 30. Kc4 Kf8 31. Rd2 Ke7 32. Rd5 Rc6 33. Rxc5 Kd6 34. Rxc6+ Kxc6 35. b4 Kd6 36. f4 Kc6 37. a4 Kd6 38. Kd4 Kc6 39. c4 Kd6 40. c5+ Kc6 41. Kc4 Kc7 42. Kd5 Kd7 43. c6+ Kc7 44. Kc5 Kc8 45. Kb6 Kb8 46. c7+ Kc8 47. Kc6 g6 48. fxg6 f5 49. g7 1-0

[Event "Berlin-ch Seniors op 25th"]
[Site "Berlin"]
[Date "2009.02.20"]
[Round "9"]
[White "Dietrich, Bernd"]
[Black "Kohlmeyer, Dagobert"]
[Result "1/2-1/2"]
[WhiteElo "1758"]
[BlackElo "1940"]
[PlyCount "96"]
[EventDate "2009.02.12"]
[EventType "swiss"]
[EventRounds "9"]
[EventCountry "GER"]
[SourceTitle "EXT 2022"]
[Source "ChessBase"]
[SourceDate "2021.10.06"]
[SourceVersion "1"]
[SourceVersionDate "2021.10.06"]
[SourceQuality "1"]

1. e4 e6 2. d4 d5 3. Nc3 Bb4 4. Bd3 dxe4 5. Bxe4 Nf6 6. Bg5 h6 7. Bxf6 Qxf6 8. Nf3 0-0 9. 0-0 c6 10. Bd3 Bxc3 11. bxc3 Nd7 12. Rb1 e5 13. Re1 exd4 14. cxd4 Nb6 15. Ne5 Nd5 16. Qd2 Nf4 17. Re4 Nxd3 18. Nxd3 b6 19. Rbe1 Be6 20. c3 Rad8 21. Nf4 Bd5 22. Nxd5 Rxd5 23. Qe2 Ra5 24. h3 Qd6 25. Qd2 Rg5 26. Qe3 Qd5 27. Re2 f5 28. h4 Rg6 29. h5 Rxg2+ 30. Kxg2 Re8 31. c4 Qxe4+ 32. Qxe4 fxe4 33. Kg3 Kf7 34. Kf4 Kf6 35. Rxe4 Rd8 36. Ke3 Rd7 37. a4 Rb7 38. Re5 a6 39. Ke4 Rc7 40. Rf5+ Ke6 41. f3 Rb7 42. f4 b5 43. cxb5 cxb5 44. axb5 axb5 45. Re5+ Kf6 46. Rf5+ Ke7 47. Re5+ Kf7 48. Rf5+ Ke6 1/2-1/2

[Event "Berlin-ch Seniors op 25th"]
[Site "Berlin"]
[Date "2009.02.17"]
[Round "6"]
[White "Kluger, Hans Peter"]
[Black "Dietrich, Bernd"]
[Result "0-1"]
[WhiteElo "1941"]
[BlackElo "1758"]
[PlyCount "102"]
[EventDate "2009.02.12"]
[EventType "swiss"]
[EventRounds "9"]
[EventCountry "GER"]
[SourceTitle "EXT 2022"]
[Source "ChessBase"]
[SourceDate "2021.10.06"]
[SourceVersion "1"]
[SourceVersionDate "2021.10.06"]
[SourceQuality "1"]

1. d4 Nf6 2. c4 e5 3. dxe5 Ng4 4. Nf3 Bc5 5. e3 Nc6 6. a3 a5 7. Nc3 Ngxe5 8. Nxe5 Nxe5 9. Qh5 d6 10. h3 Be6 11. b3 Qf6 12. Ne4 Nd3+ 13. Bxd3 Qxa1 14. 0-0 0-0-0 15. Nxc5 dxc5 16. Be2 b6 17. Qf3 Kb8 18. Qe4 Ka7 19. Bf3 Rb8 20. Qc6 Qe5 21. Rd1 Bc8 22. Qa4 Bb7 23. Bc6 Bxc6 24. Qxc6 Rbd8 25. Rf1 Qd6 26. Qf3 f6 27. b4 cxb4 28. e4 bxa3 29. Be3 Qb4 30. c5 a2 31. Qf4 Rd7 32. Qf5 Rhd8 33. Kh2 Qb1 34. cxb6+ cxb6 35. Qxa5+ Kb7 36. Bxb6 Qxb6 37. Qxa2 Rd2 38. Qf7+ R8d7 39. Qh5 Rxf2 40. Rxf2 Qxf2 41. Qb5+ Kc7 42. Qc4+ Kd6 43. e5+ fxe5 44. Qa6+ Ke7 45. Qa3+ Rd6 46. Qb3 Qf4+ 47. Kg1 Qd4+ 48. Kh2 e4 49. Qg3 e3 50. Qg5+ Ke6 51. Qh5 Qe5+ 0-1

[Event "Berlin-ch Seniors op 25th"]
[Site "Berlin"]
[Date "2009.02.15"]
[Round "4"]
[White "Dietrich, Bernd"]
[Black "Mueller, Erhard"]
[Result "1-0"]
[WhiteElo "1758"]
[BlackElo "1659"]
[PlyCount "35"]
[EventDate "2009.02.12"]
[EventType "swiss"]
[EventRounds "9"]
[EventCountry "GER"]
[SourceTitle "EXT 2022"]
[Source "ChessBase"]
[SourceDate "2021.10.06"]
[SourceVersion "1"]
[SourceVersionDate "2021.10.06"]
[SourceQuality "1"]

1. e4 e5 2. Nf3 Nc6 3. Bc4 Bc5 4. c3 Nf6 5. d4 exd4 6. cxd4 Bb4+ 7. Nc3 d5 8. exd5 Nxd5 9. 0-0 Nxc3 10. bxc3 Bxc3 11. Qb3 Bb4 12. Bxf7+ Kf8 13. Bh5 g6 14. Ng5 Qf6 15. Bf3 Bd6 16. Ne4 Qf7 17. Bh6+ Kg8 18. Nf6# 1-0

[Event "Berlin-ch Seniors op 25th"]
[Site "Berlin"]
[Date "2009.02.14"]
[Round "3"]
[White "Gehre, Stefan"]
[Black "Dietrich, Bernd"]
[Result "1-0"]
[WhiteElo "1750"]
[BlackElo "1758"]
[PlyCount "69"]
[EventDate "2009.02.12"]
[EventType "swiss"]
[EventRounds "9"]
[EventCountry "GER"]
[SourceTitle "EXT 2022"]
[Source "ChessBase"]
[SourceDate "2021.10.06"]
[SourceVersion "1"]
[SourceVersionDate "2021.10.06"]
[SourceQuality "1"]

1. d4 Nf6 2. c4 e5 3. dxe5 Ng4 4. Nf3 Nc6 5. a3 Bc5 6. e3 a5 7. Be2 Ngxe5 8. 0-0 d6 9. Nc3 Be6 10. b3 0-0 11. Bb2 Ne7 12. Nxe5 dxe5 13. Ne4 Bd6 14. c5 Bf5 15. cxd6 Bxe4 16. dxe7 Qxe7 17. f3 Bc6 18. Qc2 Rfe8 19. e4 Qh4 20. Bc4 Bd7 21. Rad1 Rad8 22. a4 c6 23. Rf2 b5 24. axb5 cxb5 25. Rxd7 bxc4 26. Rxd8 Rxd8 27. bxc4 Qe7 28. g3 Qc5 29. Kg2 f6 30. Qb3 Qc7 31. c5+ Kh8 32. Ba3 Rb8 33. Qe6 a4 34. c6 h6 35. Qd7 1-0